Berenice Abbott (Record no. 354579)

MARC details
000 -LEADER
fixed length control field 00371nam a2200145Ia 4500
008 - FIXED-LENGTH DATA ELEMENTS--GENERAL INFORMATION
fixed length control field 230511s2010 xx 000 0 und d
020 ## - INTERNATIONAL STANDARD BOOK NUMBER
International Standard Book Number 978-0500-411100-1
041 ## - LANGUAGE CODE
Language code of text/sound track or separate title eng
082 ## - DEWEY DECIMAL CLASSIFICATION NUMBER
Classification number 779.092
100 ## - MAIN ENTRY--PERSONAL NAME
Personal name Berenice Abbott
245 ## - TITLE STATEMENT
Title Berenice Abbott
260 ## - PUBLICATION, DISTRIBUTION, ETC.
Place of publication, distribution, etc. New York
Name of publisher, distributor, etc. Thames & Hudson
Date of publication, distribution, etc. 2010
300 ## - PHYSICAL DESCRIPTION
Extent 68PB 18X12 cm
650 ## - SUBJECT ADDED ENTRY--TOPICAL TERM
Topical term or geographic name entry element People & Portraiture - 1
Holdings
Withdrawn status Lost status Damaged status Not for loan Home library Current library Date acquired Source of acquisition Cost, normal purchase price Total Checkouts Full call number Barcode Date last seen Date last checked out Price effective from Koha item type
        School of Photography, Pune School of Photography, Pune 11/05/2023 Strand Book Stall 15-c Dhannur Mumbai-400 oo1 688.00 1 779.092 SPP-48 21/02/2026 11/02/2026 11/05/2023 Book